LEADER 00993nkm1-2200349---450- 001 990005581770203316 005 20100714 035 $a000558177 035 $aUSA01000558177 035 $a(ALEPH)000558177USA01 035 $a000558177 100 $a19981214d1979----|||y0itaa50------ba 101 $aeng 102 $agb 105 $a0 00||| 200 1 $aPhilosophical papers$fHilary Putnam 210 $aCambridge$cCambridge University Press$d1979 215 $a2 v.$d22 cm. 330 $a 463 \1$1001990005581760203316$12001 $a<> Mind, language and reality 463 \1$1001990005603180203316$12001 $a<> Mathematics, matter and method 620 $dCAMBRIDGE 676 $a146.42 700 1$aPUTNAM,$bHilary$044780 712 02$aCAMBRIDGE UNIVERSITY PRESS 801 0$aIT$bSA$c20111219 912 $a990005581770203316 959 $aBK 969 $aFIL 979 $c20121027$lUSA01$h1525 996 $aPhilosophical papers$91132011 997 $aUNISA LEADER 01564nam a22003131i 4500 001 991000419999707536 005 20040827105151.0 008 040920s1994 it ita 035 $ab13217951-39ule_inst 035 $aARCHE-116419$9ExL 040 $aSet. Economia$bita$cA.t.i. Arché s.c.r.l. Pandora Sicilia s.r.l. 082 04$a332.0285 245 00$aAnalisi delle esperienze operative sull'utilizzo della tecnologia dell'intelligenza artificiale in banca /$ca cura di Christian Nottola, Cecilia Rossignoli ; Università cattolica del Sacro Cuore, Osservatorio sui sistemi esperti ; Banque de France 246 13$aAnalysis of the operational experiences of artificial intelligence in banking 260 $aMilano :$bAngeli,$c[1994] 300 $a416 p. ;$c23 cm 490 $aInformatica & organizzazioni 500 $aAtti del Convegno tenuto a Milano nel 1994 650 4$aSistema esperto$xImpiego nelle operazioni finanziarie$xCongressi$y1994 700 1 $aNottola, Christian 700 1 $aRossignoli, Cecilia 710 2 $aOsservatorio sui sistemi esperti nel mondo bancario e finanziario 710 2 $aBanque de France 907 $a.b13217951$b11-05-18$c23-09-04 912 $a991000419999707536 945 $aLE025 ECO 332 NOT01.01$g1$i2025000199170$lle025$nCatalogato 2018$o-$pE0.00$q-$rl$s- $t0$u0$v0$w0$x0$y.i13873908$z23-09-04 996 $aAnalisi delle esperienze operative sull'utilizzo della tecnologia dell'intelligenza artificiale in banca$91099948 997 $aUNISALENTO 998 $ale025$b23-09-04$cm$da $e-$fita$git $h0$i1